Online Catalogue and eLibrary

Sri Lankawe vargika aragalaya pasubim kala padhya ha geetha Nirmana 1980-1988 (Record no. 1300)

MARC details
000 -LEADER
fixed length control field 00526nam a2200157Ia 4500
005 - DATE AND TIME OF LATEST TRANSACTION
control field 20250526033108.0
008 - FIXED-LENGTH DATA ELEMENTS--GENERAL INFORMATION
fixed length control field 240331s9999 xx 000 0 und d
020 ## - INTERNATIONAL STANDARD BOOK NUMBER
ISBN 9552008484
082 ## - DDC Classification
Class No. 303.6
Item Number - Author Mark SWA
100 ## - MAIN ENTRY--PERSONAL NAME
Personal name Swarnasinghe, K.M.I
245 #0 - TITLE STATEMENT
Title Sri Lankawe vargika aragalaya pasubim kala padhya ha geetha Nirmana 1980-1988
260 ## - PUBLICATION, DISTRIBUTION, ETC.
Place of publication, distribution, etc. Colombo
Name of publisher, distributor, etc. S. Godage & Brothers
Date of publication, distribution, etc. 1992
300 ## - PHYSICAL DESCRIPTION
Extent (e.g. Volumes, Pages etc.) 103 p .,
500 ## - GENERAL NOTE
General note Poems and songs written against the backdrop of the ethnic struggle in Sri Lanka<br/>(1980 - 1988)
942 ## - Koha item type (Biblio)
Koha item type Books in Stacks (Lending)
Holdings
Lost status Damaged status Collection code Home library Current library Shelving location Date acquired Full call number Accession Number Item type
    Lending WERC Library WERC Library Social Science Cupboard 03/31/2024 303.6 SWA 3091 Books in Stacks (Lending)

© WERC Library